Liste des Pokémon amphibiens - Statistiques

Statistiques générales
  • Ce quiz a été pris 27 fois
  • Le résultat moyen est 21 sur 31
Statistiques - réponses
N° Pokédex Pokémon % Correct
#0658 Amphinobi
91%
#0001 Bulbizarre
91%
#0657 Croâporal
91%
#0656 Grenousse
91%
#0060 Ptitard
91%
#0186 Tarpaud
91%
#0062 Tartard
91%
#0061 Têtarte
91%
#0536 Batracné
87%
#0537 Crapustule
87%
#0003 Florizarre
87%
#0002 Herbizarre
87%
#0535 Tritonde
78%
#0454 Coatox
74%
#0453 Cradopaud
74%
#0194 Axoloto
65%
#0194 Axoloto de Paldea
65%
#0195 Maraiste
65%
#0259 Flobio
57%
#0258 Gobou
57%
#0260 Laggron
57%
#0980 Terraiste
57%
#0758 Malamandre
48%
#0939 Ampibidou
43%
#0938 Têtampoule
43%
#0757 Tritox
43%
#0886 Dispareptil
39%
#0885 Fantyrm
39%
#0887 Lanssorien
39%
#0463 Coudlangue
22%
#0108 Excelangue
22%
Aucun quiz correspondant
Distribution des résultats
% des personnes avec chaque résultat
Percentile par nombre de réponses
Votre historique - résultats
Vous n’avez pas pris ce quiz